000 00269nam a2200097Ia 4500
001 698733
005 20250826162057.0
008 250824s9999 xx 000 0 und d
245 0 _aİTİRAFLARIM (ANTİK DÜNYA KLASİKLERİ)
_cTOLSTOY
260 _bANTİK DÜNYA KLASİKLERİ
999 _c698733
_d698733